000 00789nam a2200277 i 4500
001 C2-0334478
003 PPAK
005 20180728134253.0
008 151105s2014 my a|||| ||||| | eng d
020 _a9789670367408
040 _aPPAK
_beng
_cPPAK
_erda
082 0 4 _a823
_223
090 0 0 _a823
_bWEE
_dK
100 1 _aWee, Mandy M.L.,
_eauthor
245 1 2 _aA incredible shot
264 1 _aSubang Jaya, Selangor :
_bPenerbitan Semangat Intelek ,
_c2014
300 _a60 pages :
_billustrations ;
_c20 cm
336 _2rdacontent
_atext
337 _2rdamedia
_aunmediated
338 _2rdacarrier
_avolume
490 1 _aThe incredible series
500 _aIncludes glossary.
650 1 0 _aChildren's stories, English.
830 0 _aThe incredible series
942 _ddc
_cB
999 _c132945
_d132945